[Event "Atina Open og KM 2025"]
[Site "Amager"]
[Date "2025.11.14"]
[Round "1.1"]
[White "Moe, Arthur Helsted"]
[Black "Nielsen, Viktor Haarmark"]
[Result "0-1"]
[WhiteElo "2019"]
[BlackElo "2380"]
[WhiteFideId "1477307"]
[BlackFideId "1444492"]
[EventDate "2025.11.14"]
[EventType "swiss"]
[EventRounds "7"]
[EventCountry "DEN"]
[SourceTitle "Live v. Kasper Jerwiarz"]

1. d4 d5 2. Nf3 Nf6 3. Bf4 e6 4. e3 Bd6 5. Nbd2 O-O 6. c3 b6 7. Bg3 Bb7 8. Bd3 Ne4 9. Ne5 Nd7 10. f3 Nxd2 11. Qxd2 f6 12. Ng4 f5 13. Nf2 a5 14. Qe2 e5 15. O-O-O e4 16. Bb5 Nf6 17. Bh4 c6 18. Ba4 Ba6 19. Qd2 b5 20. Bc2 b4 21. fxe4 fxe4 22. Ng4 bxc3 23. Qxc3 Qb6 24. Nxf6+ Rxf6 25. a3 Rf7 26. Bg3 Be7 27. Kb1 Rc8 28. Ka1 c5 29. dxc5 Rxc5 30. Qd2 Bf6 31. Rb1 Rb7 32. Ka2 Qxb2+ 33. Rxb2 Rxb2+ 34. Ka1 Rbxc2+ 0-1

[Event "Atina Open og KM 2025"]
[Site "Amager"]
[Date "2025.11.14"]
[Round "1.2"]
[White "Loftgaard, Mikkel Vinh"]
[Black "Frederiksen, Henrik"]
[Result "1-0"]
[WhiteElo "2342"]
[BlackElo "2129"]
[WhiteFideId "1468480"]
[EventDate "2025.11.14"]
[EventType "swiss"]
[EventRounds "7"]
[EventCountry "DEN"]
[SourceTitle "Live v. Kasper Jerwiarz"]

1. e4 c5 2. Nf3 d6 3. Bb5+ Bd7 4. Bxd7+ Qxd7 5. O-O g6 6. c3 Bg7 7. d4 Nf6 8. Re1 O-O 9. Bg5 e6 10. Nbd2 h6 11. Bxf6 Bxf6 12. e5 Bg7 13. dxc5 d5 14. b4 Nc6 15. Nb3 Qc7 16. Qe2 Rae8 17. Rad1 f6 18. exf6 Bxf6 19. Qd3 Qg7 20. b5 Ne5 21. Nxe5 Bxe5 22. c4 Rd8 23. cxd5 Rxd5 24. Qe2 Rfd8 25. Rxd5 Rxd5 26. g3 g5 27. Qg4 Qf6 28. Re3 Kg7 29. h4 Qg6 30. h5 Qb1+ 31. Kg2 Rd1 32. Qf3 Rg1+ 33. Kh2 Qf1 34. Rxe5 1-0

[Event "Atina Open og KM 2025"]
[Site "Amager"]
[Date "2025.11.14"]
[Round "1.3"]
[White "Moe, Anton Helsted"]
[Black "Rasmussen, Casper Dahl"]
[Result "1/2-1/2"]
[WhiteElo "1978"]
[BlackElo "2312"]
[WhiteFideId "1475738"]
[BlackFideId "1402005"]
[EventDate "2025.11.14"]
[EventType "swiss"]
[EventRounds "7"]
[EventCountry "DEN"]
[SourceTitle "Live v. Kasper Jerwiarz"]

1. e4 c5 2. Nf3 e6 3. d4 cxd4 4. Nxd4 a6 5. Bd3 Qc7 6. O-O Nf6 7. Be3 h5 8. f3 h4 9. Qd2 Bd6 10. h3 Nh5 11. Ne2 Bh2+ 12. Kh1 Ng3+ 13. Nxg3 Bxg3 14. Nc3 Nc6 15. Na4 O-O 16. Nb6 Rb8 17. Rad1 Rd8 18. c3 Ne5 19. Bb1 Nc4 20. Nxc4 Qxc4 21. Bb6 Re8 22. f4 d5 23. e5 Bd7 24. b3 Qc6 25. Bf2 Bxf2 26. Qxf2 Qxc3 27. Qxh4 g6 28. Rf3 Qc5 29. Rg3 Qe7 30. Qg4 Rf8 31. h4 Kg7 32. Bxg6 fxg6 33. Qxg6+ Kh8 34. Rg5 Rf7 35. Rd3 Rg7 36. Rh5+ Rh7 37. Rg3 Rf8 38. Rgg5 Be8 39. Rxh7+ Qxh7 40. Qxe6 Qxh4+ 41. Kg1 Qe1+ 42. Kh2 Qh4+ 43. Kg1 Qe1+ 44. Kh2 Qh4+ 1/2-1/2

[Event "Atina Open og KM 2025"]
[Site "Amager"]
[Date "2025.11.14"]
[Round "1.4"]
[White "Medhus, Vitus Bondo"]
[Black "Rosenlund, Thorbjorn"]
[Result "1-0"]
[WhiteElo "2354"]
[BlackElo "2061"]
[WhiteFideId "1462547"]
[EventDate "2025.11.14"]
[EventType "swiss"]
[EventRounds "7"]
[EventCountry "DEN"]
[SourceTitle "Live v. Kasper Jerwiarz"]

1. e4 e5 2. Nc3 Be7 3. d4 d6 4. Nf3 exd4 5. Nxd4 Nf6 6. Bc4 O-O 7. O-O Nxe4 8. Nxe4 d5 9. Bd3 dxe4 10. Bxe4 Nd7 11. c3 Nf6 12. Bf3 h6 13. Qb3 c6 14. Be3 Qc7 15. h3 Rd8 16. Rfd1 Nd5 17. Nb5 Qe5 18. Bxd5 Rxd5 19. Rxd5 cxd5 20. Bxa7 Bd7 21. Bd4 Qf4 22. Re1 Bf8 23. Be5 Qd2 24. Rf1 Qe2 25. Nc7 Qxe5 26. Nxa8 Bd6 27. f4 Qe3+ 28. Kh1 Bxh3 29. Qxd5 Bc5 30. Qf3 1-0

[Event "Atina Open og KM 2025"]
[Site "Amager"]
[Date "2025.11.14"]
[Round "1.5"]
[White "Gregor, Bjarke"]
[Black "Falkesgaard, Jeppe Hald"]
[Result "0-1"]
[WhiteElo "2060"]
[BlackElo "2252"]
[WhiteFideId "1423401"]
[BlackFideId "1464981"]
[EventDate "2025.11.14"]
[EventType "swiss"]
[EventRounds "7"]
[EventCountry "DEN"]
[SourceTitle "Live v. Kasper Jerwiarz"]

1. e4 c5 2. Nf3 Nc6 3. d4 cxd4 4. Nxd4 e5 5. Nb5 d6 6. N1c3 a6 7. Na3 Be7 8. Nd5 Nf6 9. g3 O-O 10. Bg2 b5 11. O-O Kh8 12. c4 Nxd5 13. exd5 Nd4 14. c5 Bf5 15. c6 Qc8 16. Be3 Bf6 17. Rc1 g5 18. b3 Kg7 19. Bxd4 exd4 20. Nc2 d3 21. Nb4 Bb2 22. Rb1 Bc3 23. Nxd3 b4 24. Qf3 Re8 25. g4 Bxg4 26. Qg3 h6 27. Qxd6 Be2 28. Nc5 Qf5 29. Nd7 Rad8 30. f4 g4 31. Rbe1 Bxf1 32. Rxf1 Re2 33. c7 Qc2 34. Qxh6+ 0-1

[Event "Atina Open og KM 2025"]
[Site "Amager"]
[Date "2025.11.14"]
[Round "1.6"]
[White "Jalving, August"]
[Black "Li, Anna Sofie"]
[Result "1-0"]
[WhiteElo "2276"]
[BlackElo "2024"]
[WhiteFideId "1471759"]
[BlackFideId "1472119"]
[EventDate "2025.11.14"]
[EventType "swiss"]
[EventRounds "7"]
[EventCountry "DEN"]
[SourceTitle "Live v. Kasper Jerwiarz"]

1. e4 e5 2. Nf3 Nc6 3. Bb5 a6 4. Ba4 Nf6 5. O-O Be7 6. Re1 b5 7. Bb3 O-O 8. h3 Bb7 9. d3 h6 10. Nbd2 d6 11. a3 Nd7 12. Nf1 Nc5 13. Bd5 Nd4 14. Nxd4 Bxd5 15. exd5 exd4 16. Qg4 f5 17. Qxd4 Bf6 18. Qf4 Qd7 19. Rb1 Na4 20. c3 Nc5 21. Rd1 Rae8 22. Qf3 f4 23. d4 Ne4 24. Nd2 Qf5 25. Qg4 Qh7 26. Nxe4 Rxe4 27. Qf3 Rxd4 28. Bxf4 Rxd1+ 29. Qxd1 Bxc3 30. Bxd6 Ba5 31. Bxf8 Kxf8 32. d6 cxd6 33. Qxd6+ Kg8 34. Qe6+ Kf8 35. Rc1 1-0

[Event "Atina Open og KM 2025"]
[Site "Amager"]
[Date "2025.11.14"]
[Round "1.7"]
[White "Aggerbeck Lauritzen, Nikolaj"]
[Black "Hoi, Carsten"]
[Result "0-1"]
[WhiteElo "1907"]
[BlackElo "2282"]
[WhiteFideId "1459945"]
[BlackFideId "1400100"]
[EventDate "2025.11.14"]
[EventType "swiss"]
[EventRounds "7"]
[EventCountry "DEN"]
[SourceTitle "Live v. Kasper Jerwiarz"]

1. d4 g6 2. c4 Bg7 3. Nc3 d6 4. e4 e5 5. d5 f5 6. Nf3 Nf6 7. Bd3 O-O 8. h4 Na6 9. Be3 f4 10. Bd2 Bg4 11. Be2 Nc5 12. Qc2 Ncxe4 13. Nxe4 Nxe4 14. Ng5 Bxe2 15. Ne6 Bd3 16. Qxd3 Nc5 17. Nxc5 dxc5 18. h5 e4 19. Qh3 Qc8 20. Qh2 g5 21. O-O-O h6 22. Rde1 Qf5 23. Qh3 Qxh3 24. Rxh3 Rae8 25. Ra3 a6 26. b4 Bd4 27. Re2 g4 28. Rb3 f3 29. gxf3 exf3 30. Rxe8 Rxe8 31. bxc5 Bxf2 32. d6 Bxc5 33. d7 Rd8 34. Be3 Bxe3+ 35. Rxe3 Rxd7 36. Kc2 f2 37. Re8+ Kf7 0-1

[Event "Atina Open og KM 2025"]
[Site "Amager"]
[Date "2025.11.14"]
[Round "1.8"]
[White "Lauridsen, Jesper Morch"]
[Black "Ahl, Eskil Rosenlund"]
[Result "1-0"]
[WhiteElo "2241"]
[BlackElo "1983"]
[WhiteFideId "1401890"]
[BlackFideId "1481789"]
[EventDate "2025.11.14"]
[EventType "swiss"]
[EventRounds "7"]
[EventCountry "DEN"]
[SourceTitle "Live v. Kasper Jerwiarz"]

1. e4 e6 2. d4 d5 3. exd5 exd5 4. Nf3 Bd6 5. c4 c6 6. Nc3 Nf6 7. c5 Bc7 8. Qe2+ Qe7 9. Bg5 Qxe2+ 10. Bxe2 Nbd7 11. O-O O-O 12. Bd3 h6 13. Bh4 Nh5 14. Bg3 Nxg3 15. hxg3 Nf6 16. Rfe1 Be6 17. b4 a6 18. a4 Rfe8 19. Ne5 Ng4 20. f4 g6 21. Re2 Kg7 22. Rae1 Bxe5 23. dxe5 h5 24. Nd1 d4 25. Nf2 Nxf2 26. Kxf2 Bg4 27. Rd2 Rad8 28. Be4 Rd7 29. b5 axb5 30. axb5 cxb5 31. c6 bxc6 32. Bxc6 Red8 33. Bxd7 Rxd7 34. Rb1 Rd5 35. Rb4 d3 36. Ke3 Bf5 37. Rdb2 Bd7 38. Rd4 Rxd4 39. Kxd4 Bc6 40. Kxd3 Bd7 41. Kd4 Kh6 42. Ra2 h4 43. gxh4 Kh5 44. g3 Kg4 45. Ra3 b4 46. Rb3 Be6 47. Rxb4 Kxg3 48. h5 gxh5 49. Ke4 Kg4 50. Rb2 Bf5+ 51. Ke3 h4 52. Rg2+ Kh3 53. Rg5 Bg4 54. Kf2 Be6 55. f5 Bd5 56. Kg1 Bc4 57. Rg7 Bd5 58. Rg8 Bc4 59. Rc8 Bd5 60. Rc5 Ba2 61. Rc2 Bd5 62. Re2 Kg4 63. e6 fxe6 64. fxe6 Bc6 65. e7 Be8 66. Kh2 Kf5 67. Kh3 Kf6 68. Kxh4 Kg6 69. Kg4 Kf6 70. Kf4 Kf7 71. Re5 Bd7 72. Ke3 Ke8 73. Kd4 Kf7 74. Kc5 Be8 75. Kd6 Ba4 76. Rf5+ Kg6 77. Rf2 Kg7 78. Kc7 Be8 79. Kd8 1-0

[Event "Atina Open og KM 2025"]
[Site "Amager"]
[Date "2025.11.14"]
[Round "1.9"]
[White "Moustgaard, Vitus"]
[Black "Nordenbaek, Jan"]
[Result "1-0"]
[WhiteElo "2030"]
[BlackElo "2170"]
[WhiteFideId "1488023"]
[BlackFideId "1401475"]
[EventDate "2025.11.14"]
[EventType "swiss"]
[EventRounds "7"]
[EventCountry "DEN"]
[SourceTitle "Live v. Kasper Jerwiarz"]

1. e4 e5 2. Nc3 Nf6 3. Bc4 Nxe4 4. Qh5 Nd6 5. Bb3 Be7 6. Nf3 Nc6 7. Nxe5 Nxe5 8. Qxe5 O-O 9. O-O Ne8 10. Nd5 Bd6 11. Qe4 c6 12. Ne3 Bc7 13. Qf3 d5 14. d3 Qd6 15. g3 Qg6 16. Bd2 Nf6 17. Rfe1 d4 18. Nc4 Bg4 19. Qg2 Qh5 20. Re7 Nd5 21. Rxc7 Nxc7 22. Nd6 Bf3 23. Qf1 b6 24. Re1 Nd5 25. c4 dxc3 26. bxc3 Qg6 27. Nc4 Bh5 28. Ne5 Qd6 29. d4 f6 30. Nd3 Bf7 31. Nf4 Nxf4 32. Bxf4 Qd7 33. Qa6 Rfe8 34. Rxe8+ Rxe8 35. Be3 h5 36. Qe2 h4 37. gxh4 Qh3 38. Bxf7+ Kxf7 39. Qh5+ Ke7 40. Qg6 Kf8 41. h5 Rxe3 42. fxe3 Qxe3+ 43. Kg2 c5 44. dxc5 bxc5 45. Qg3 Qe2+ 46. Kg1 Qxh5 47. Qb8+ Kf7 48. Qxa7+ Kg6 49. Qd7 Qg4+ 50. Qxg4+ 1-0

[Event "Atina Open og KM 2025"]
[Site "Amager"]
[Date "2025.11.14"]
[Round "1.10"]
[White "Laursen, Niels Norskov"]
[Black "Rasmussen, Christian Ejner"]
[Result "1/2-1/2"]
[WhiteElo "2193"]
[BlackElo "1966"]
[WhiteFideId "1404709"]
[BlackFideId "1476360"]
[EventDate "2025.11.14"]
[EventType "swiss"]
[EventRounds "7"]
[EventCountry "DEN"]
[SourceTitle "Live v. Kasper Jerwiarz"]

1. e4 d5 2. exd5 Nf6 3. c4 e6 4. dxe6 Bxe6 5. d4 Bb4+ 6. Nc3 Ne4 7. Qd3 Bf5 8. Bd2 Bxc3 9. Bxc3 O-O 10. O-O-O Qg5+ 11. Bd2 Qg6 12. Qe3 Nc6 13. Nf3 Rfe8 14. Nh4 Qf6 15. Nxf5 Nxd2 16. Qxd2 Qxf5 17. Bd3 Qf6 18. d5 Ne5 19. f3 Rad8 20. Rhe1 c6 21. Bf1 cxd5 22. cxd5 Qf5 23. Re4 Rd6 24. Kb1 Red8 25. Ka1 Nd7 26. Qb4 Rxd5 27. Rde1 Ne5 28. Qb3 g6 29. a3 b6 30. Qe3 Nd3 31. Bxd3 Rxd3 32. Re8+ Kg7 33. Qe5+ Qxe5 34. R8xe5 Rd2 35. R1e2 R8d7 36. Kb1 Rxe2 37. Rxe2 f5 38. Kc2 Kf6 39. Kc3 h5 40. f4 Rd6 41. g3 a6 42. Rd2 Rc6+ 43. Kd3 b5 44. Ke3 g5 45. fxg5+ Kxg5 46. Kf3 Re6 1/2-1/2

[Event "Atina Open og KM 2025"]
[Site "Amager"]
[Date "2025.11.14"]
[Round "1.11"]
[White "Kushyk, Denys"]
[Black "Nielsen Refs, Karl Emil Elmer"]
[Result "1-0"]
[WhiteElo "1962"]
[BlackElo "2191"]
[WhiteFideId "34149066"]
[BlackFideId "1452797"]
[EventDate "2025.11.14"]
[EventType "swiss"]
[EventRounds "7"]
[EventCountry "DEN"]
[SourceTitle "Live v. Kasper Jerwiarz"]

1. e4 e6 2. d4 d5 3. Nc3 Nf6 4. e5 Nfd7 5. f4 c5 6. Nf3 Nc6 7. Be3 a6 8. Qd2 b5 9. a3 Qa5 10. Be2 b4 11. Nb1 cxd4 12. Nxd4 Nxd4 13. Bxd4 Nc5 14. Bd3 Bd7 15. O-O Bb5 16. b3 Bxd3 17. axb4 Qc7 18. Rd1 Bf5 19. bxc5 Bxc5 20. c3 O-O 21. Qe3 Rfc8 22. Rc1 Qb6 23. Nd2 Rc6 24. b4 Bxd4 25. Qxd4 h6 26. Nb3 Qb5 27. Nc5 a5 28. Nb3 Rc4 29. Qd2 Qb6+ 30. Qf2 Qxf2+ 31. Kxf2 a4 32. Nd4 Bg6 33. Ra3 Kf8 34. Rca1 Rc7 35. Ke2 Rac8 36. Kd2 Be4 37. Nb5 Rc6 38. Na7 Bxg2 39. Nxc8 Rxc8 40. Rxa4 d4 41. cxd4 Rc4 42. b5 Rc7 43. Ra7 Rc4 44. Rd7 Rb4 45. Raa7 Rxb5 46. Rxf7+ Ke8 47. Rxg7 Rb2+ 48. Kc3 1-0

[Event "Atina Open og KM 2025"]
[Site "Amager"]
[Date "2025.11.14"]
[Round "1.12"]
[White "Schmidt, Kristen"]
[Black "Mollasoltani, Aryan"]
[Result "0-1"]
[WhiteElo "2186"]
[BlackElo "1972"]
[WhiteFideId "1400436"]
[BlackFideId "1465716"]
[EventDate "2025.11.14"]
[EventType "swiss"]
[EventRounds "7"]
[EventCountry "DEN"]
[SourceTitle "Live v. Kasper Jerwiarz"]

1. e4 c5 2. Nf3 Nc6 3. Bb5 g6 4. O-O Bg7 5. Re1 e5 6. c3 Nge7 7. Na3 a6 8. Bf1 O-O 9. d3 h6 10. h3 d6 11. Nc2 d5 12. a3 Be6 13. Be3 d4 14. cxd4 cxd4 15. Bd2 Rc8 16. Rc1 Bb3 17. Qe2 a5 18. Na1 Be6 19. g3 Qb6 20. b4 axb4 21. axb4 Na7 22. Red1 Nb5 23. Ne1 Rfd8 24. Kh2 Qa6 25. Rb1 Qa2 26. Rdc1 Na3 27. Rxc8 Rxc8 28. Rd1 Nb1 29. Nec2 Rxc2 30. Nxc2 Qxc2 31. Rc1 Qxd2 32. Rxb1 Qxe2 33. Bxe2 Bf8 34. Rc1 Nc6 35. b5 Na5 36. Rc7 b6 37. f4 exf4 38. gxf4 Bd6 39. Ra7 Bxf4+ 40. Kg2 Bd6 41. h4 Kg7 42. h5 g5 43. Bd1 Kf6 44. Kf3 g4+ 45. Kg2 Kg5 46. Ra6 Bc5 47. Ra8 Kxh5 48. Rg8 Nb7 49. e5 Na5 50. Kg3 Be7 51. Bxg4+ Bxg4 52. Rxg4 Nb3 53. Kf3 Bg5 54. Rg2 Nc5 55. Ke2 Kg6 56. Rf2 Ne6 57. Kf3 Nc5 58. Ke2 Ne6 59. Kf3 Kf5 60. Rc2 Kxe5 61. Rc6 Nf4 62. Rxb6 Nxd3 63. Rb8 Kd6 64. Rf8 Kc5 65. Rxf7 Ne5+ 0-1

[Event "Atina Open og KM 2025"]
[Site "Amager"]
[Date "2025.11.14"]
[Round "2.1"]
[White "Nielsen, Viktor Haarmark"]
[Black "Sandmann, Villads Majvang"]
[Result "1/2-1/2"]
[WhiteElo "2380"]
[BlackElo "2051"]
[WhiteFideId "1444492"]
[BlackFideId "1472313"]
[EventDate "2025.11.14"]
[EventType "swiss"]
[EventRounds "7"]
[EventCountry "DEN"]
[SourceTitle "Live v. Kasper Jerwiarz"]

1. d4 Nf6 2. c4 e6 3. Nf3 d5 4. g3 dxc4 5. Bg2 a6 6. O-O Nc6 7. Qd2 Bd7 8. Rd1 Be7 9. Qc2 b5 10. b3 cxb3 11. axb3 O-O 12. Bb2 Nb4 13. Qc1 Bc6 14. Ba3 Bb7 15. Nc3 Nbd5 16. Bxe7 Qxe7 17. Ne5 Nxc3 18. Qxc3 Bxg2 19. Kxg2 Nd5 20. Qc5 Qxc5 21. dxc5 a5 22. e4 Nc3 23. Rd7 a4 24. bxa4 Rxa4 25. Rc1 Nxe4 26. Rxc7 Ra2 27. c6 Nxf2 28. Kf1 Ne4 29. Rd7 f6 30. Ng4 Nd2+ 31. Ke1 Nc4 32. c7 Raa8 33. Rb1 Nb6 34. Rd6 Nd5 35. Rxb5 Nxc7 36. Rb7 Rac8 37. Ne3 Rf7 38. Rc6 Kf8 39. Nc4 Ke7 40. Rcxc7+ Rxc7 41. Rxc7+ Kf8 42. Rxf7+ Kxf7 43. Ke2 e5 44. Kd3 Ke6 45. Ne3 g6 46. Kc4 f5 47. Kd3 g5 48. g4 fxg4 49. Nxg4 Kf5 50. Ne3+ Kf4 51. Ke2 g4 52. Kf2 h5 53. Ng2+ Kg5 54. Ke3 h4 55. Ne1 h3 56. Kf2 Kh4 57. Nd3 e4 58. Nf4 e3+ 59. Kxe3 g3 60. hxg3+ Kxg3 61. Nxh3 1/2-1/2

[Event "Atina Open og KM 2025"]
[Site "Amager"]
[Date "2025.11.14"]
[Round "2.2"]
[White "Moe, Mogens"]
[Black "Loftgaard, Mikkel Vinh"]
[Result "0-1"]
[WhiteElo "2102"]
[BlackElo "2342"]
[WhiteFideId "1400550"]
[BlackFideId "1468480"]
[EventDate "2025.11.14"]
[EventType "swiss"]
[EventRounds "7"]
[EventCountry "DEN"]
[SourceTitle "Live v. Kasper Jerwiarz"]

1. e4 c5 2. Nf3 e6 3. d4 cxd4 4. Nxd4 Nf6 5. Nc3 Nc6 6. Ndb5 Bc5 7. Nd6+ Ke7 8. Nc4 d5 9. Nd2 Qb6 10. Qf3 Nd4 11. Qd3 Bd7 12. Be2 Nxe2 13. Qxe2 d4 14. Nd1 Bb5 15. Qf3 Qc7 16. Nb3 Bb4+ 17. c3 dxc3 18. bxc3 Bd6 19. a4 Ba6 20. Nd4 Rhd8 21. Nb5 Bxb5 22. axb5 Qc4 23. Rb1 Qxe4+ 24. Qxe4 Nxe4 25. O-O Bc5 26. Be3 Bxe3 27. fxe3 Rd2 28. Rb4 f5 29. Rd4 Rd8 30. g4 g6 31. Nf2 R8xd4 32. cxd4 Nxf2 33. Rxf2 Rxf2 34. Kxf2 a5 35. bxa6 bxa6 36. gxf5 gxf5 37. Ke2 Kd6 38. Kd3 Kd5 39. h4 h5 0-1

[Event "Atina Open og KM 2025"]
[Site "Amager"]
[Date "2025.11.14"]
[Round "2.3"]
[White "Olsen, Michael Richard W"]
[Black "Medhus, Vitus Bondo"]
[Result "1-0"]
[WhiteElo "2088"]
[BlackElo "2354"]
[WhiteFideId "1440969"]
[BlackFideId "1462547"]
[EventDate "2025.11.14"]
[EventType "swiss"]
[EventRounds "7"]
[EventCountry "DEN"]
[SourceTitle "Live v. Kasper Jerwiarz"]

1. e4 e5 2. Nf3 Nc6 3. d4 exd4 4. Nxd4 Qf6 5. Nf3 Bb4+ 6. c3 Bc5 7. Be2 Nge7 8. O-O d6 9. b4 Bxb4 10. Bg5 Qg6 11. cxb4 h6 12. Bxe7 Nxe7 13. Nc3 O-O 14. Kh1 c6 15. Qd2 Rd8 16. Rad1 Be6 17. Nd4 Bc8 18. Bc4 b5 19. Bb3 Bb7 20. Bc2 Qf6 21. Nf5 Nxf5 22. exf5 a5 23. bxa5 d5 24. Rfe1 d4 25. Ne4 Qxf5 26. Ng3 Qd7 27. Qd3 g6 28. Ne4 Qe7 29. Nd2 Qb4 30. a3 Qf8 31. Bb3 Kg7 32. Qe4 Rd7 33. Qe5+ Kh7 34. Ne4 Rdd8 35. Nf6+ Kh8 36. Nd7+ Qg7 37. Qxg7+ Kxg7 38. Nc5 Bc8 39. Re7 Rf8 40. a6 Bxa6 41. Rxd4 Bc8 42. a4 bxa4 43. Rxa4 Rb8 44. Raa7 Kf6 45. h4 Rb5 46. Ne4+ Kg7 47. Rxf7+ Rxf7 48. Rxf7+ Kh8 49. Nf6 Rb7 50. Rxb7 Bxb7 51. Ne8 Ba6 52. Bc2 g5 53. hxg5 hxg5 54. Kh2 Kg8 55. Nc7 Bc4 56. Kg3 Kf7 57. Kg4 Kf6 58. Ne8+ Ke7 59. Ng7 c5 60. Nf5+ Kf6 61. Ne3 Be6+ 62. Kf3 Ke5 63. Bd3 Kd4 64. Ba6 Bd7 65. Ke2 Be8 66. f3 Bd7 67. g4 Be6 68. Nc2+ Ke5 69. Ke3 Bb3 70. Na3 Be6 71. Nc4+ Kd5 72. Nd2 Ke5 73. Ne4 Bb3 74. Nxc5 Bd5 75. Ne4 Bc4 76. Bc8 Bf7 77. Nxg5 Ba2 78. Ne4 Bb3 79. f4+ Kd5 80. Be6+ 1-0

[Event "Atina Open og KM 2025"]
[Site "Amager"]
[Date "2025.11.14"]
[Round "2.4"]
[White "Falkesgaard, Jeppe Hald"]
[Black "Skovgaard, Andreas"]
[Result "1/2-1/2"]
[WhiteElo "2252"]
[BlackElo "2073"]
[WhiteFideId "1464981"]
[BlackFideId "1450760"]
[EventDate "2025.11.14"]
[EventType "swiss"]
[EventRounds "7"]
[EventCountry "DEN"]
[SourceTitle "Live v. Kasper Jerwiarz"]

1. c4 Nf6 2. Nc3 g6 3. e4 d6 4. d4 Bg7 5. h3 O-O 6. Be3 a6 7. Qd2 c5 8. dxc5 dxc5 9. Qxd8 Rxd8 10. Bxc5 Nc6 11. Bb6 Re8 12. Nf3 Nd7 13. Be3 b5 14. cxb5 axb5 15. Bxb5 Nb4 16. O-O Rb8 17. Rad1 Rd8 18. Ba4 Ba6 19. Rxd7 Rxd7 20. Bxd7 Bxf1 21. Kxf1 Nc2 22. Nb5 Nxe3+ 23. fxe3 Rb7 24. Bc6 Rb6 25. Na7 Ra6 26. Nc8 Kf8 27. Bd5 Bxb2 28. Ke2 e6 29. Bb3 Ke8 30. e5 Ba3 31. Bc4 Ra5 32. Nd6+ Bxd6 33. exd6 Kd7 34. a4 Kxd6 35. Bb5 Ra7 36. Kd3 Kc5 37. Kc3 Kd5 38. Kd3 Kc5 39. Ng5 h6 40. Ne4+ Kb4 41. Kd4 Rc7 42. Nd6 f5 43. Ke5 Rc2 44. g4 Rh2 45. Bf1 Rf2 46. Bc4 Rf3 47. Bxe6 Rxe3+ 48. Kf6 f4 49. Bd5 f3 50. Bxf3 Rxf3+ 51. Kxg6 Rxh3 52. Nf5 Kxa4 53. Nxh6 Kb5 54. g5 Kc6 55. Ng4 Kd6 56. Nh6 Ke6 57. Nf5 Rh1 58. Nd4+ Ke7 59. Kg7 Rg1 60. g6 Rxg6+ 61. Kxg6 1/2-1/2

[Event "Atina Open og KM 2025"]
[Site "Amager"]
[Date "2025.11.14"]
[Round "2.5"]
[White "Mollasoltani, Aryan"]
[Black "Jalving, August"]
[Result "1-0"]
[WhiteElo "1972"]
[BlackElo "2276"]
[WhiteFideId "1465716"]
[BlackFideId "1471759"]
[EventDate "2025.11.14"]
[EventType "swiss"]
[EventRounds "7"]
[EventCountry "DEN"]
[SourceTitle "Live v. Kasper Jerwiarz"]

1. e4 c5 2. Nf3 e6 3. d4 cxd4 4. Nxd4 a6 5. c4 Nf6 6. Bd3 Nc6 7. Be3 h5 8. h3 Qc7 9. O-O Bd6 10. Nc3 Ne5 11. f4 Nxd3 12. Qxd3 Bc5 13. e5 Nh7 14. Ne4 Bxd4 15. Nd6+ Kf8 16. Bxd4 g6 17. Qe3 Kg8 18. g4 hxg4 19. hxg4 Qc6 20. f5 Nf8 21. Rf3 Rh4 22. f6 Nh7 23. Kg2 Rxg4+ 24. Kf2 Nxf6 25. Rxf6 Qg2+ 26. Ke1 Rg3 27. Qf2 Qh3 28. Rxf7 Qh1+ 29. Kd2 1-0

[Event "Atina Open og KM 2025"]
[Site "Amager"]
[Date "2025.11.14"]
[Round "2.6"]
[White "Hoi, Carsten"]
[Black "Saravana, Vedant Kumar"]
[Result "1-0"]
[WhiteElo "2282"]
[BlackElo "2108"]
[WhiteFideId "1400100"]
[BlackFideId "45059730"]
[EventDate "2025.11.14"]
[EventType "swiss"]
[EventRounds "7"]
[EventCountry "DEN"]
[SourceTitle "Live v. Kasper Jerwiarz"]

1. Nf3 d5 2. e3 Nf6 3. c4 c6 4. Nc3 Nbd7 5. d4 e6 6. Bd3 Bd6 7. O-O O-O 8. e4 dxc4 9. Bxc4 e5 10. Bg5 Qe7 11. d5 Nb6 12. Bb3 cxd5 13. Nxd5 Nbxd5 14. Bxd5 h6 15. Bh4 Be6 16. Bxf6 gxf6 17. Nh4 Kh7 18. Qh5 Rg8 19. Nf5 Bxf5 20. Qxf5+ Rg6 21. Rad1 Rd8 22. Rd3 Kg7 23. Rfd1 Rg5 24. Qf3 Bc5 25. h4 Rg6 26. Qf5 Bd4 27. Kf1 Qd7 28. Qxd7 Rxd7 29. g3 Kf8 30. Rb3 Bb6 31. Rc1 Ke7 32. Rc2 Rg8 33. Rf3 Rgd8 34. Ke2 Bd4 35. b3 Rh8 36. Rf5 Bb6 37. Rh5 Bd4 38. g4 Bb6 39. Rc3 Rdd8 40. f3 Rd7 41. b4 Bd4 42. Rc2 Bb6 43. a4 a5 44. bxa5 Bxa5 45. g5 fxg5 46. hxg5 Rdd8 47. gxh6 Rd6 48. h7 Rg6 49. Rc5 Bb6 50. Rb5 f5 51. exf5 Rf6 52. a5 Bc7 53. Rxb7 Kd6 54. Be4 Rf7 55. a6 Rfxh7 56. Rxh7 Rxh7 57. a7 Rh2+ 58. Kd3 Ra2 59. Rxc7 Ra3+ 60. Kc2 Kxc7 61. a8=Q Rxa8 62. Bxa8 1-0

[Event "Atina Open og KM 2025"]
[Site "Amager"]
[Date "2025.11.14"]
[Round "2.7"]
[White "Snedker, Oliver Kaehne"]
[Black "Lauridsen, Jesper Morch"]
[Result "0-1"]
[WhiteElo "1966"]
[BlackElo "2241"]
[WhiteFideId "1470051"]
[BlackFideId "1401890"]
[EventDate "2025.11.14"]
[EventType "swiss"]
[EventRounds "7"]
[EventCountry "DEN"]
[SourceTitle "Live v. Kasper Jerwiarz"]

1. e4 d6 2. d4 Nf6 3. Bd3 g6 4. Nf3 Bg7 5. O-O O-O 6. Nbd2 Nc6 7. c3 e5 8. dxe5 dxe5 9. Bc2 Nh5 10. Nc4 Qxd1 11. Rxd1 Bg4 12. Ne3 Bxf3 13. gxf3 Nf4 14. Nd5 Nxd5 15. Rxd5 Rad8 16. Bb3 Ne7 17. Rxd8 Rxd8 18. Bg5 Kf8 19. Rd1 Rxd1+ 20. Bxd1 f6 21. Be3 b6 22. Ba4 Nc8 23. c4 Nd6 24. b3 c5 25. Bc6 f5 26. a3 Ke7 27. Bd5 Ne8 28. b4 Kd6 29. bxc5+ bxc5 30. a4 Nf6 31. h3 Bf8 32. Bd2 Be7 33. Kf1 Bd8 34. Ke2 a5 35. Bh6 f4 36. Kd3 Nd7 37. Kc3 Bh4 38. Bg8 Nf6 39. Bf8+ Kc6 40. Bd5+ Kb6 41. Bg7 Kc7 42. Kd3 Nd7 43. Ke2 Bf6 44. Bxf6 Nxf6 45. Kd3 Nd7 46. Kc3 Kd6 47. Bg8 Nf8 48. Bf7 Ke7 49. Bd5 Kf6 50. Bb7 Ne6 51. Bc8 Nd4 52. Kd3 Nxf3 53. Ke2 Nd4+ 54. Kd3 Nc6 55. Bd7 Nd4 56. Bc8 Kg5 57. Bd7 Kh4 58. Bc8 Nf3 59. Ke2 Ng1+ 60. Kf1 Nxh3 61. Kg2 Ng5 62. f3 Nf7 63. Be6 Nd6 64. Bg8 h6 65. Bd5 Nc8 66. Bf7 Kg5 67. Be6 Nb6 68. Bd5 Nxa4 69. Bc6 Nc3 0-1